000 00817nam a2200205 i 4500
001 62512
003 ES-MaACL
005 20230906164701.0
007 t|
008 031121s1951 sp ||||1| spa d
100 1 _aFernández Álvarez, Manuel,
_d1921-2010
_949458
245 1 0 _aFelipe II, Isabel de Inglaterra y Marruecos
_b: (un intento de cerco a la Monarquía del Rey Católico) /
_cManuel Fernández Alvarez.
260 _aMadrid :
_bInstituto de Estudios Africanos,
_c1951 (
_fAres)
300 _a39 p. ;
_c24 cm.
500 _aPrecede al tit.: Consejo Superior de Investigaciones Científicas.
710 2 _aConsejo Superior de Investigaciones Científicas (España)
_93236
710 2 _aInstituto de Estudios Africanos.
_94881
852 _aES-MaACL
_j1908-F-20
_bR.31374
999 _c62512
_d62512